000 00310pab a2200145 454500
008 180718b1986 xxu||||| |||| 00| 0 eng d
100 _aAllison, John
245 _aFax facts
260 _c1986
300 _a24-6
362 _aMay
650 _aTechnology
773 _aManagement Services
909 _a19108
999 _c19108
_d19108